Muchos pájaros en una piedra (Record no. 22431)

MARC details
000 -LEADER
campo de control de longitud fija 00920nam a2200193 i 4500
001 - NÚMERO DE CONTROL
campo de control 22431
003 - IDENTIFICADOR DE NÚMERO DE CONTROL
campo de control ES-MaACL
005 - FECHA Y HORA DE LA ÚLTIMA TRANSACCIÓN
campo de control 20250822190538.0
007 - CAMPO FIJO DE DESCRIPCIÓN FÍSICA--INFORMACIÓN GENERAL
campo de control de longitud fija t|
008 - DATOS DE LONGITUD FIJA--INFORMACIÓN GENERAL
campo de control de longitud fija 021202s1906 mx ||||1| spa d
100 1# - ENTRADA PRINCIPAL--NOMBRE DE PERSONA
Nombre de persona Alegre, Manuel M.
9 (RLIN) 19667
245 10 - MENCIÓN DEL TÍTULO
Título Muchos pájaros en una piedra
Resto del título : reflexiones sugeridas por la lectura del último libro de D. Francisco Bulnes, titulado "Juarez y las Revoluciones de Ayutla y de Reforma" con una invectiva al bohemio transfuga y una nota bene a propósito del ensayo de psicología historica de XXX, invocación al cometa de Halley /
Mención de responsabilidad, etc. [Manuel M. Alegre].
260 ## - PUBLICACIÓN, DISTRIBUCIÓN, ETC.
Lugar de publicación, distribución, etc. México :
Nombre del editor, distribuidor, etc. [s.n.],
Fecha de publicación, distribución, etc. 1906 (
Fabricante Tip. de J. Aguilar Vera y compañía)
300 ## - DESCRIPCIÓN FÍSICA
Extensión 39 p. ;
Dimensiones 23 cm.
600 14 - PUNTO DE ACCESO ADICIONAL DE MATERIA--NOMBRE DE PERSONA
Nombre de persona Bulnes, Francisco.
Título de la obra Juárez y las revoluciones de Ayutla y de reforma.
9 (RLIN) 159525
600 14 - PUNTO DE ACCESO ADICIONAL DE MATERIA--NOMBRE DE PERSONA
Nombre de persona Juárez, Benito,
Fechas asociadas al nombre 1806-1872
9 (RLIN) 67156
852 ## - LOCALIZACIÓN
Ubicación ES-MaACL
Número de control de estantería 1591-F-9
Holdings
Estatus retirado Estado de pérdida Estado de daño No para préstamo Colección Biblioteca de origen Biblioteca actual Ubicación en estantería Fecha de adquisición Fuente de adquisición Total de préstamos Signatura topográfica completa Código de barras Visto por última vez Precio de reemplazo Tipo de ítem Koha
        Colección de folletos Biblioteca del Ateneo de Madrid Biblioteca del Ateneo de Madrid Depósito folletos 17/01/2008     1591-F-9 1023091 23/02/2023 23/02/2023 Folleto